| 000 | 00597nam a2200193 a 4500 | ||
|---|---|---|---|
| 005 | 20231108063658.0 | ||
| 008 | 010913s1997 r 000 0 eng d | ||
| 020 | _a9582003626 | ||
| 035 | _aUPN01000111432 | ||
| 049 | _aCG | ||
| 050 | 4 |
_aLB1028.5 _bS7.3 |
|
| 100 | 1 | _aSoto Sarmiento, Angel Alonso | |
| 245 | 1 | 0 |
_aEducación en tecnología : _bun reto y una exigencia social / _cAngel Alonso Soto Sarmiento. |
| 260 |
_aSanta Fé de Bogotá : _bCooperativa Editorial Magisterio, _c1997. |
||
| 300 | _a164 p. | ||
| 440 | 0 | _aAula abierta | |
| 650 | 4 |
_aTecnología educativa _94978 |
|
| 905 | _aLibro | ||
| 999 |
_c85340 _d85340 |
||